000 00417nam a22001577a 4500
003 MPLRDC
005 20220104144338.0
008 210129b ||||| |||| 00| 0 eng d
082 _a911.4 BYF v.1
100 _a伊. 杜波夫斯基等著
245 _a和声学教程. 上册
_c朱世民译
250 _a初版
260 _a
_b人民音乐出版社
_c1981
650 _a和音; 和声
942 _cBK
_o911.4 BYF v.1
999 _c48719
_d48709